00540nam a22001577a 450000500170000001000130001702000150003003500130004503700460005808200080010410000210011224500930013326000630022627000730028930000200036220180701114713.0 aB-158518 a8121511593 aB-158518 bMunshiram Manoharlal Publishers Pvt. Ltd. a250 aPandit, Moti Lal aEncounter with buddhism:bA study of the evolution of buddhist thoughtc Moti Lal Pandit aNew DelhibMunshiram Manoharlal Publishers Pvt. Ltd.c2005 aPost Box 5715, Rani Jhansi Road, New Delhi-110055bNew Delhie110055 a313p.c22cm(hb)